<?xml version="1.0" encoding="UTF-8"?>
<record
    xmlns:xsi="http://www.w3.org/2001/XMLSchema-instance"
    xsi:schemaLocation="http://www.loc.gov/MARC21/slim http://www.loc.gov/standards/marcxml/schema/MARC21slim.xsd"
    xmlns="http://www.loc.gov/MARC21/slim">

  <leader>00969nam a22001937a 4500</leader>
  <datafield tag="999" ind1=" " ind2=" ">
    <subfield code="c">62521</subfield>
    <subfield code="d">62521</subfield>
  </datafield>
  <controlfield tag="005">20241128115138.0</controlfield>
  <controlfield tag="008">241128s2024    ru ||||| |||| 00| 0 rus d</controlfield>
  <datafield tag="020" ind1=" " ind2=" ">
    <subfield code="a">9785906897770 X</subfield>
  </datafield>
  <datafield tag="080" ind1=" " ind2=" ">
    <subfield code="a">159.954 P-64</subfield>
  </datafield>
  <datafield tag="100" ind1=" " ind2=" ">
    <subfield code="a">&#x420;&#x43E;&#x437;&#x435;&#x43D;&#x431;&#x435;&#x440;&#x433;,  &#x41C;&#x430;&#x440;&#x448;&#x430;&#x43B;&#x43B; </subfield>
    <subfield code="9">23806</subfield>
    <subfield code="e">&#x430;&#x432;&#x442;&#x43E;&#x440;</subfield>
  </datafield>
  <datafield tag="245" ind1=" " ind2=" ">
    <subfield code="a">&#x41D;&#x435;&#x43D;&#x430;&#x441;&#x438;&#x43B;&#x44C;&#x441;&#x442;&#x432;&#x435;&#x43D;&#x43D;&#x43E;&#x435; &#x43E;&#x431;&#x449;&#x435;&#x43D;&#x438;&#x435; :</subfield>
    <subfield code="b">&#x42F;&#x437;&#x44B;&#x43A; &#x436;&#x438;&#x437;&#x43D;&#x438; / </subfield>
    <subfield code="c">&#x41C;&#x430;&#x440;&#x448;&#x430;&#x43B;&#x43B; &#x420;&#x43E;&#x437;&#x435;&#x43D;&#x431;&#x435;&#x440;&#x433; ;  &#x43F;&#x435;&#x440;&#x435;&#x432;&#x43E;&#x434; &#x441; &#x430;&#x43D;&#x433;&#x43B;&#x438;&#x439;&#x441;&#x43A;&#x43E;&#x433;&#x43E; &#x418;. &#x421;&#x435;&#x440;&#x435;&#x431;&#x440;&#x44F;&#x43A;&#x43E;&#x432;&#x43E;&#x439;.,</subfield>
  </datafield>
  <datafield tag="264" ind1=" " ind2=" ">
    <subfield code="a">Mo&#x43A;&#x432;a</subfield>
    <subfield code="b">&#x41A;&#x43D;&#x438;&#x436;&#x43D;&#x43E;&#x435; &#x438;&#x437;&#x434;&#x430;&#x442;&#x435;&#x43B;&#x44C;&#x441;&#x442;&#x432;&#x43E; ,,&#x421;&#x43E;&#x444;&#x438;&#x44F;"</subfield>
    <subfield code="c">2024.</subfield>
  </datafield>
  <datafield tag="300" ind1=" " ind2=" ">
    <subfield code="a">285 &#x441;&#x442;&#x440;;</subfield>
    <subfield code="b">23 &#x441;&#x43C;.</subfield>
  </datafield>
  <datafield tag="653" ind1=" " ind2=" ">
    <subfield code="a">&#x41D;&#x435;&#x43D;&#x430;&#x441;&#x438;&#x43B;&#x44C;&#x441;&#x442;&#x432;&#x435;&#x43D;&#x43D;&#x43E;&#x435; &#x43E;&#x431;&#x449;&#x435;&#x43D;&#x438;&#x435; : &#x42F;&#x437;&#x44B;&#x43A; &#x436;&#x438;&#x437;&#x43D;&#x438; </subfield>
  </datafield>
  <datafield tag="653" ind1=" " ind2=" ">
    <subfield code="a">&#x10D0;&#x10E0;&#x10D0;&#x10EB;&#x10D0;&#x10DA;&#x10D0;&#x10D3;&#x10DD;&#x10D1;&#x10E0;&#x10D8;&#x10D5;&#x10D8; &#x10D9;&#x10DD;&#x10DB;&#x10E3;&#x10DC;&#x10D8;&#x10D9;&#x10D0;&#x10EA;&#x10D8;&#x10D0;: &#x10EA;&#x10EE;&#x10DD;&#x10D5;&#x10E0;&#x10D4;&#x10D1;&#x10D8;&#x10E1; &#x10D4;&#x10DC;&#x10D0;</subfield>
  </datafield>
  <datafield tag="653" ind1=" " ind2=" ">
    <subfield code="a">&#x10E4;&#x10E1;&#x10D8;&#x10E5;&#x10DD;&#x10DA;&#x10DD;&#x10D2;&#x10D8;&#x10D0;</subfield>
  </datafield>
  <datafield tag="700" ind1=" " ind2=" ">
    <subfield code="a"> &#x421;&#x435;&#x440;&#x435;&#x431;&#x440;&#x44F;&#x43A;&#x43E;&#x432;&#x43E;&#x439;, &#x418;</subfield>
    <subfield code="e">&#x10DB;&#x10D7;&#x10D0;&#x10E0;&#x10D2;&#x10DB;&#x10DC;&#x10D4;&#x10DA;&#x10D8;</subfield>
    <subfield code="9">23807</subfield>
  </datafield>
  <datafield tag="942" ind1=" " ind2=" ">
    <subfield code="2">udc</subfield>
    <subfield code="c">BK</subfield>
  </datafield>
  <datafield tag="952" ind1=" " ind2=" ">
    <subfield code="0">0</subfield>
    <subfield code="1">0</subfield>
    <subfield code="2">udc</subfield>
    <subfield code="4">0</subfield>
    <subfield code="6">159954_P64</subfield>
    <subfield code="7">0</subfield>
    <subfield code="9">101299</subfield>
    <subfield code="a">CPL</subfield>
    <subfield code="b">CPL</subfield>
    <subfield code="c">GEN</subfield>
    <subfield code="d">2024-11-28</subfield>
    <subfield code="g">77.00</subfield>
    <subfield code="o">159.954 P-64</subfield>
    <subfield code="p">69880</subfield>
    <subfield code="r">2024-11-28</subfield>
    <subfield code="t">69880</subfield>
    <subfield code="w">2024-11-28</subfield>
    <subfield code="y">BK</subfield>
    <subfield code="z">77&#x10DA;.</subfield>
  </datafield>
</record>
